| 000 | 01241nam a2200337 a 4500 | ||
|---|---|---|---|
| 001 | 000114751 | ||
| 003 | CHAP | ||
| 005 | 20220329144456.0 | ||
| 008 | 180405s2018 mx sm |||||||spa d | ||
| 010 | _a111212 | ||
| 011 | _a112184 | ||
| 040 | _cCHAP | ||
| 090 | _aTesis | ||
| 100 | 1 |
_aAguirre Maldonado, Adan _9135028 |
|
| 245 | 1 | 0 |
_aEstudio integral de una empresa de servicios e insumos para la nutrición vegetal _h[En línea] _cpor Adan Aguirre Maldonado y Adrián Javier Santamaría. |
| 260 |
_aChapingo, Méx. : _bEl autor, _c2018. |
||
| 500 | _aPara ver el contenido del material haga clic en la liga | ||
| 502 | _aTesis (Ing. Agroindustrial) -- UACH. Departamento de Ingeniería Agroindustrial | ||
| 590 |
_aBATCH _b00 _c20181121 _lUCH01 _h0758 |
||
| 590 |
_aE6339RRR _b05 _c20180405 _lUCH01 _h1443 |
||
| 590 |
_aE6339RRR _b05 _c20180405 _lUCH01 _h1443 |
||
| 590 |
_aE6339RRR _b05 _c20180405 _lUCH01 _h1444 |
||
| 650 | 1 | 4 |
_aEmpresas pequeñas _xAdministración. _9132147 |
| 650 | 1 | 4 |
_aEmpresas _xSustentabilidad. _9130686 |
| 700 | 1 |
_aJavier Santamaría, Adrián _9135029 |
|
| 856 |
_a1 _n0000134 |
||
| 856 |
_aFinding aid _uhttp://10.13.5.2/tesis/sist114751.pdf _zTeclea aquí |
||
| 901 | _aBK | ||
| 942 | _cLIBRO | ||
| 942 | _n0 | ||
| 999 |
_c111212 _d111212 |
||